| 000 | 00609cam a22002171 4500 | ||
|---|---|---|---|
| 001 | he 68001830 | ||
| 003 | DLC | ||
| 005 | 20260227111459.0 | ||
| 008 | 890109s1963 is 000 0 hebr | ||
| 010 | _ahe 68001830 | ||
| 035 | _a(OCoLC)18995785 | ||
| 040 |
_aDLC _cTxU _dTxU _dDLC |
||
| 042 | _apremarc | ||
| 050 | 0 | 0 |
_aPJ5054.P6 _bE4 |
| 100 | 1 |
_aPosner, Jacob, _d1902- |
|
| 245 | 1 | 3 |
_aha-Em ha-poshaʻat; _bpoʼemah _c[me-et] Yaʻakov Pozner. |
| 260 |
_aRamat-Gan, _c724 [1963 or 4] |
||
| 300 |
_a72 p. _c19 cm. |
||
| 500 | _aCover title: ha-Em ha-poshaʻat veha-av ha-meʼushar. | ||
| 500 | _aVocalized. | ||
| 999 |
_c33406 _d33406 |
||